Income Tax Guidelines (Record no. 32582)
[ view plain ]
| 000 -LEADER | |
|---|---|
| fixed length control field | 00414nam a2200169Ia 4500 |
| 008 - FIXED-LENGTH DATA ELEMENTS--GENERAL INFORMATION | |
| fixed length control field | 220531s9999 xx 000 0 und d |
| 041 ## - LANGUAGE CODE | |
| Language code of text/sound track or separate title | eng |
| 082 ## - DEWEY DECIMAL CLASSIFICATION NUMBER | |
| Classification number | 336.24 |
| Item number | NAB |
| 100 ## - MAIN ENTRY--PERSONAL NAME | |
| Personal name | Nabhi S. Board Of Editor |
| 9 (RLIN) | 56550 |
| 245 ## - TITLE STATEMENT | |
| Title | Income Tax Guidelines |
| 250 ## - EDITION STATEMENT | |
| Edition statement | 14th |
| 260 ## - PUBLICATION, DISTRIBUTION, ETC. (IMPRINT) | |
| Place of publication, distribution, etc. | New Delhi |
| Name of publisher, distributor, etc. | Nabhi |
| Date of publication, distribution, etc. | 2011 |
| 542 ## - INFORMATION RELATING TO COPYRIGHT STATUS | |
| Copyright holder | 15-06-2011 |
| 650 ## - SUBJECT ADDED ENTRY--TOPICAL TERM | |
| Topical term or geographic name as entry element | Taxation |
| 9 (RLIN) | 56551 |
| 906 ## - LOCAL DATA ELEMENT F, LDF (RLIN) | |
| d | 2011-2012 |
| Withdrawn status | Lost status | Source of classification or shelving scheme | Damaged status | Not for loan | Collection code | Home library | Current library | Date acquired | Vendor | Cost, normal purchase price | Total Checkouts | Total Holds | Full call number | Barcode | Date last seen | Bill Date | Koha item type | Original Barcode |
|---|---|---|---|---|---|---|---|---|---|---|---|---|---|---|---|---|---|---|
| Dewey Decimal Classification | Shri Siddhivinayak Mahila Mahavidyalaya | Shri Siddhivinayak Mahila Mahavidyalaya | 15/06/2011 | Pritam | 270.00 | 1 | 336.24/NAB/B/13583/13583 | SSMM-BK-13583 | 06/08/2022 | 06/08/2022 | Books | 010013583 |